000
00326nam a22001337a 4500
008
241108b |||||||| |||| 00| 0 eng d
020
_a
9789361595554
100
_a
M.M Mahajan
245
_a
Ready Reckoner for Indian Economy. 3rd Ed.
250
_a
3rd
260
_a
Noida
_b
Pearson
_c
2025
300
_a
74
942
_2
ddc
_c
BK
999
_c
20995
_d
20995